| 000 | 00512nam a22001817a 4500 | ||
|---|---|---|---|
| 005 | 20170703105641.0 | ||
| 010 | _aENG-118549 | ||
| 020 |
_a9789350451045 _c150.00 |
||
| 035 | _aEN-102081 | ||
| 037 | _bDBAD/PUB | ||
| 082 | _a881 | ||
| 100 | _aKannabiran,Vasanth | ||
| 245 |
_aMinor key and other poems / _cby Vasanth Kannabiran |
||
| 260 |
_aCalcutta _bWriters Workshop _c2015 |
||
| 270 |
_a162/92,Lake Garden _bCalcutta _e700045 |
||
| 300 |
_a60p. _b22cm(Hb) |
||
| 942 |
_2ddc _cEN _h881 _mKAN |
||
| 999 |
_c140847 _d140847 |
||